[Event "Moia op 1st"]
[Site "Moia"]
[Date "2013.07.07"]
[Round "8"]
[White "Guell Codina, Ramon"]
[Black "Carvajal Rodriguez, Juan"]
[Result "1-0"]
[WhiteElo "1949"]
[BlackElo "1435"]
[PlyCount "96"]
[EventDate "2013.05.19"]
[EventType "swiss"]
[EventRounds "8"]
[EventCountry "ESP"]
[SourceTitle "EXT 2014"]
[Source "ChessBase"]
[SourceDate "2013.11.20"]
[SourceVersion "1"]
[SourceVersionDate "2013.11.20"]
[SourceQuality "1"]

1. e4 d5 2. exd5 Nf6 3. Nc3 Nxd5 4. Nxd5 Qxd5 5. Nf3 Bg4 6. Be2 e5 7. d3 Bc5 8. 0-0 Nc6 9. a3 0-0-0 10. b4 Bd6 11. c4 Qe6 12. Ng5 Bxe2 13. Nxe6 Bxd1 14. Nxd8 Rxd8 15. Rxd1 Be7 16. Bb2 Bf6 17. Rac1 Bg5 18. Rc2 e4 19. d4 e3 20. d5 exf2+ 21. Kxf2 Ne7 22. Re2 Nf5 23. Rde1 h5 24. Re8 Rxe8 25. Rxe8+ Kd7 26. Re5 g6 27. c5 Bf6 28. Rxf5 Bxb2 29. Rxf7+ Kc8 30. Rf3 Be5 31. h3 Bd4+ 32. Kg3 g5 33. Kh2 Be5+ 34. Kh1 g4 35. hxg4 hxg4 36. Re3 Bb2 37. Rg3 Kd7 38. a4 c6 39. dxc6+ Kxc6 40. Rxg4 Bc3 41. Kh2 a5 42. bxa5 Kxc5 43. Rg5+ Kb4 44. Rb5+ Kxa4 45. Rxb7 Bxa5 46. Ra7 Kb4 47. Rxa5 Kxa5 48. g4 Kb6 1-0

[Event "Moia op 1st"]
[Site "Moia"]
[Date "2013.06.16"]
[Round "5"]
[White "Simon del Sol, Jaume"]
[Black "Guell Codina, Ramon"]
[Result "1/2-1/2"]
[WhiteElo "2007"]
[BlackElo "1949"]
[PlyCount "33"]
[EventDate "2013.05.19"]
[EventType "swiss"]
[EventRounds "8"]
[EventCountry "ESP"]
[SourceTitle "EXT 2014"]
[Source "ChessBase"]
[SourceDate "2013.11.20"]
[SourceVersion "1"]
[SourceVersionDate "2013.11.20"]
[SourceQuality "1"]

1. c4 d6 2. Nc3 Nf6 3. g3 g6 4. Bg2 Bg7 5. Nf3 0-0 6. d4 Nbd7 7. 0-0 c5 8. e4 Rb8 9. h3 cxd4 10. Nxd4 Ne5 11. b3 Bd7 12. Bb2 a6 13. Kh2 Nc6 14. Nde2 b5 15. cxb5 axb5 16. Rb1 Qa5 17. Nf4 1/2-1/2

[Event "Vic op 31st"]
[Site "Vic"]
[Date "2011.11.08"]
[Round "3"]
[White "Guell Codina, Ramon"]
[Black "Orra Noguera, Francisco"]
[Result "0-1"]
[WhiteElo "1967"]
[BlackElo "1910"]
[PlyCount "72"]
[EventDate "2011.10.18"]
[EventType "swiss"]
[EventRounds "8"]
[EventCountry "ESP"]
[SourceTitle "EXT 2013"]
[Source "ChessBase"]
[SourceDate "2012.11.22"]
[SourceVersion "1"]
[SourceVersionDate "2012.11.22"]
[SourceQuality "1"]

1. e4 c5 2. Nc3 Nc6 3. g3 g6 4. Bg2 Bg7 5. Nge2 a6 6. 0-0 e6 7. d3 d6 8. Be3 Nge7 9. Qd2 Nd4 10. Nd1 Nxe2+ 11. Qxe2 Rb8 12. c3 Nc6 13. f4 0-0 14. f5 exf5 15. exf5 Bxf5 16. Nf2 Qd7 17. Ne4 b6 18. Ng5 Ne5 19. Rxf5 Qxf5 20. Be4 Qd7 21. Bd5 h6 22. Ne4 Kh7 23. Rf1 f5 24. Nf2 Ng4 25. Bf4 Nxf2 26. Qxf2 g5 27. Be3 Be5 28. Qg2 Kg7 29. Qh3 Rbe8 30. Be4 Qe7 31. Rxf5 Bf6 32. Rd5 Be5 33. d4 Bxd4 34. Bxd4+ cxd4 35. Rxd4 Qf6 36. Qg2 Re7 0-1

[Event "Canovelles op-B"]
[Site "Canovelles"]
[Date "1999.??.??"]
[Round "8"]
[White "Guell Codina, Ramon"]
[Black "Almenta Palomo, Antonio"]
[Result "1-0"]
[WhiteElo "1925"]
[BlackElo "1800"]
[PlyCount "63"]
[EventDate "1999.??.??"]
[EventType "swiss"]
[EventRounds "9"]
[EventCountry "ESP"]
[SourceTitle "EXT 2000"]
[Source "ChessBase"]
[SourceDate "1999.11.16"]
[SourceVersion "1"]
[SourceVersionDate "1999.11.16"]
[SourceQuality "1"]

1. e4 c5 2. Nc3 b6 3. d3 g6 4. g3 Bg7 5. Bg2 Bb7 6. Nge2 e6 7. 0-0 Ne7 8. Rb1 0-0 9. Be3 f5 10. Qd2 fxe4 11. Nxe4 d5 12. Ng5 Qd7 13. Nh3 Nbc6 14. Bh6 Nf5 15. Bxg7 Qxg7 16. c3 Rf6 17. Rbe1 Raf8 18. Nef4 Qh6 19. Qd1 Bc8 20. Qg4 Ng7 21. Qg5 Qxg5 22. Nxg5 h6 23. Nf3 g5 24. Ne2 Ba6 25. Nd2 Bxd3 26. f3 Nf5 27. Rf2 h5 28. Nf1 Bb5 29. Bh3 Nce7 30. Bg2 Ng6 31. Bh3 Nge7 32. Bg2 1-0